NBA Top 8 Teams Every Year Since 1980 - Statistics

General Stats
  • This quiz has been taken 59 times
  • The average score is 32 of 35
Answer Stats
Answer % Correct
Boston Celtics
100%
Golden State Warriors
100%
Los Angeles Lakers
100%
Cleveland Cavaliers
98%
Dallas Mavericks
98%
Indiana Pacers
98%
Miami Heat
98%
New York Knicks
98%
Oklahoma City Thunder
98%
Houston Rockets
96%
San Antonio Spurs
96%
Chicago Bulls
94%
Denver Nuggets
94%
Detroit Pistons
94%
Minnesota Timberwolves
94%
Philadelphia 76ers
94%
Phoenix Suns
94%
Milwaukee Bucks
92%
Toronto Raptors
92%
Brooklyn Nets
91%
Los Angeles Clippers
91%
New Jersey Nets
91%
Portland Trail Blazers
91%
Utah Jazz
87%
Charlotte Hornets
85%
Kansas City Kings
85%
New Orleans Hornets
85%
New Orleans Pelicans
85%
Orlando Magic
85%
Sacramento Kings
85%
Washington Wizards
85%
Atlanta Hawks
83%
Memphis Grizzlies
83%
Seattle Supersonics
81%
Washington Bullets
51%
No matching quizzes found
Score Distribution
Percent of People with Each Score
Percentile by Number Answered
Your Score History
You have not taken this quiz